Przyłącz państwo do losowej stolicy w Afryce - Statystyki

Ogólne statystyki
  • Ten quiz został rozwiązany 2 581 razy
  • Średni wynik to 6 z 10
Statystyki odpowiedzi
Stolice Państwa % Poprawnych
Algier Algieria
98%
Kair Egipt
98%
Dżibuti Dżibuti
97%
Rabat Maroko
97%
Tunis Tunezja
97%
Nairobi Kenia
94%
Pretoria, Kapsztad i Bloemfontein Republika Południowej Afryki
94%
Bissau Gwinea Bissau
93%
Dakar Senegal
87%
Trypolis Libia
84%
Antananarywa Madagaskar
83%
Addis Abeba Etiopia
82%
São Tomé Wyspy Świętego Tomasza i Książęca
79%
Kinszasa Demokratyczna Republika Konga
77%
Chartum Sudan
75%
Mogadiszu Somalia
71%
Abudża Nigeria
70%
Brazzaville Kongo
69%
Akra Ghana
64%
Niamey Niger
63%
Kampala Uganda
63%
Luanda Angola
58%
Lomé Togo
58%
Monrovia Liberia
57%
Bamako Mali
57%
Kigali Rwanda
57%
Dżuba Sudan Południowy
57%
Ndżamena Czad
54%
Jaunde Kamerun
53%
Maputo Mozambik
53%
Windhuk Namibia
53%
Freetown Sierra Leone
53%
Victoria Seszele
52%
Dodoma Tanzania
52%
Harare Zimbabwe
52%
Gaborone Botswana
50%
Lusaka Zambia
50%
Wagadugu Burkina Faso
49%
Jamusukro Wybrzeże Kości Słoniowej
49%
Porto-Novo /Kotonu Benin
48%
Libreville Gabon
48%
Port Louis Mauritius
48%
Praia Republika Zielonego Przylądka
48%
Asmara Erytrea
46%
Bandżul Gambia
45%
Nawakszut Mauretania
45%
Konakry Gwinea
44%
Lilongwe Malawi
43%
Bangi Republika Środkowoafrykańska
43%
Mbabane Eswatini
42%
Maseru Lesotho
41%
Gitega Burundi
39%
Moroni Komory
38%
Ciudad de La Paz Gwinea Równikowa
33%
Nie znaleziono quizów pasujących do podanych kryteriów
Rozkład punktacji
Procent ludzi z każdym wynikiem
Percentyl według liczby udzielonych odpowiedzi
Twoja historia wyników
Nie rozwiązałeś tego quizu